Les équipes de football qui ont gagné un trophée majeur - Statistiques

Statistiques générales
  • Ce quiz a été pris 17 fois
  • Le résultat moyen est 60 sur 240
Statistiques - réponses
Pays Equipe Dernier Trophée % Correct
France Paris Saint-Germain LdC UEFA 2025
94%
Equipe Nationale Argentine Copa America 2024
88%
Equipe Nationale Brésil Copa America 2019
88%
Espagne FC Barcelone LdC UEFA 2015
88%
Allemagne FC Bayern Munich LdC UEFA 2020
88%
France Olympique de Marseille LdC 1993
88%
Equipe Nationale France Coupe du Monde 2018
81%
Equipe Nationale Italie Euro 2020
81%
Angleterre Manchester City LdC UEFA 2023
81%
Espagnol Real Madrid LdC UEFA 2024
81%
Equipe Nationale Allemagne Coupe du Monde 2014
75%
Allemagne Borussia Dortmund LdC UEFA 1996
75%
Equipe Nationale Corée du Sud Coupe d'Asie 1960
75%
Equipe Nationale Espagne Euro 2024
75%
Italie Juventus Turin LdC UEFA 1996
75%
Equipe Nationale Portugal Euro 2016
75%
Equipe Nationale Uruguay Copa America 2011
75%
Equipe Nationale Algérie Coupe Arabe 2021
69%
Equipe Nationale Angleterre Coupe du Monde 1966
69%
Equipe Nationale Canada Gold Cup 2000
69%
Angleterre Chelsea FC Conference League 2025
69%
Equipe Nationale Japon Coupe d'Asie 2011
69%
Angleterre Liverpool FC LdC UEFA 2019
69%
Angleterre Manchester United Europa League 2017
69%
Equipe Nationale Maroc Coupe Arabe 2025
69%
Equipe Nationale Mexique Gold Cup 2025
69%
Argentine River Plate Copa Libertadores 2018
69%
Equipe Nationale Sénégal CAN 2026
69%
Angleterre Tottenham Hotspurs Europa League 2025
69%
Italie AC Milan LdC UEFA 2007
63%
Pays-Bas Ajax Amsterdam LdC UEFA 1995
63%
Angleterre Aston Villa LdC UEFA 1982
63%
Equipe Nationale Australie Coupe d'Asie 2015
63%
Equipe Nationale Chili Copa America 2016
63%
Equipe Nationale Côte d'Ivoire CAN 2024
63%
Equipe Nationale Danemark Euro 1992
63%
Italie Inter Milan LdC UEFA 2010
63%
Argentine Arsenal Copa Sudamericana 2007
56%
Angleterre Arsenal FC Coupe des Coupes 1994
56%
Espagne Atlético Madrid Europa League 2018
56%
Argentine Boca Juniors Copa Libertadores 2007
56%
Equipe Nationale Colombie Copa America 2001
56%
Equipe Nationale Egypte CAN 2010
56%
Brésil Flamengo Copa Libertadores 2025
56%
Equipe Nationale Grèce Euro 2004
56%
Allemagne Hambourg SV LdC UEFA 1983
56%
Equipe Nationale Nigeria CAN 1994
56%
Equipe Nationale Pays-Bas Euro 1988
56%
Equipe Nationale URSS Euro 1960
56%
Allemagne Bayer Leverkusen Europa League 1988
50%
Equipe Nationale Cameroun CAN 2017
50%
Equipe Nationale Iran Coupe d'Asie 1976
50%
Pays-Bas PSV Eindhoven LdC UEFA 1988
50%
Brésil Santos Copa Libertadores 2011
50%
Portugal Sporting Club Portugal Coupe des Coupes 1964
50%
Italie SSC Napoli Europa League 1989
50%
Mexique Tigres LdC CONCACAF 2020
50%
Equipe Nationale Afrique du Sud CAN 1996
44%
Italie AS Roma Conference League 2022
44%
Portugal FC Porto Europa League 2011
44%
Italie Fiorentina Coupe des Coupes 1961
44%
Equipe Nationale Irak Coupe d'Asie 2007
44%
Italie Lazio Roma Coupe des Coupes 1999
44%
Equipe Nationale Nouvelle-Zélande Coupe d'Océanie 2024
44%
Portugal SL Benfica LdC UEFA 1962
44%
Equipe Nationale Tunisie CAN 2004
44%
Equipe Nationale Bolivie Copa America 1963
38%
Ecosse Celtic Glasgow LdC UEFA 1967
38%
Pays-Bas Feyenoord Rotterdam Europa League 2002
38%
Equipe Nationale Ghana CAN 1982
38%
Angleterre Nottingham Forest LdC UEFA 1980
38%
Equipe Nationale Paraguay Copa America 1979
38%
Equipe Nationale Qatar Coupe d'Asie 2023
38%
Espagne Séville FC Europa League 2023
38%
Arabie Saoudite Al-Hilal LdC Asie 2021
31%
Equipe Nationale Arabie Saoudite Coupe Arabe 2002
31%
Italie Atalanta Bergame Europa League 2024
31%
Allemagne Eintracht Frankfurt Europa League 2022
31%
Equipe Nationale Etats-Unis Gold Cup 2021
31%
Brésil Fluminense Copa Libertadores 2023
31%
Turquie Galatasaray Europa League 2000
31%
Brésil Palmeiras Copa Libertadores 2021
31%
Ecosse Rangers Glasgow Coupe des Coupes 1972
31%
Equipe Nationale RD Congo CAN 1974
31%
Brésil São Paulo FC Copa Sudamericana 2012
31%
Allemagne Schalke 04 Europa League 1997
31%
Espagne Valence CF Europa League 2004
31%
Egypte Al-Ahly LdC Afrique 2024
25%
Arabie Saoudite Al-Ittihad LdC Asie 2005
25%
Mexique CF Monterrey LdC CONCACAF 2021
25%
Mexique Club America LdC CONCACAF 2016
25%
Equipe Nationale Costa Rica Gold Cup 1989
25%
Russie CSKA Moscou Europa League 2005
25%
Ukraine Dynamo Kiev Coupe des Coupes 1986
25%
Tunisie Espérance Tunis LdC Afrique 2019
25%
Serbie Etoile Rouge de Belgrade LdC UEFA 1991
25%
Roumanie FC Steaua Bucarest LdC UEFA 1986
25%
Brésil Grêmio Copa Libertadores 2017
25%
Etats-Unis Los Angeles Galaxy LdC CONCACAF 2000
25%
Equipe Nationale Pérou Copa America 1975
25%
Italie Sampdoria Calcio Coupe des Coupes 1990
25%
Ukraine Shakhtar Donetsk Europa League 2009
25%
Australie Sydney FC LdC Océanie 2005
25%
Equipe Nationale Tchécoslovaquie Euro 1976
25%
Allemagne Werder Bremen Coupe des Coupes 1992
25%
Equipe Nationale Zambie CAN 2012
25%
Russie Zénith Saint-Petersbourg Europa League 2008
25%
Arabie Saoudite Al-Ahli LdC Asie 2025
19%
Allemagne Borussia Mönchengladbach Europa League 1979
19%
Brésil Botafogo Copa Libertadores 2024
19%
Mexique CD Guadalajara LdC CONCACAF 2018
19%
Brésil Corinthians Copa Libertadores 2012
19%
Angleterre Everton FC Coupe des Coupes 1985
19%
Equipe Nationale Guatemala Gold Cup 1967
19%
Equateur LDU Quito Copa Sudamericana 2023
19%
Italie Parma AC Europa League 1999
19%
Mexique Universidad Guadalajara LdC CONCACAF 1978
19%
Espagne Villarreal CF Europa League 2021
19%
Angleterre West Ham United Conference League 2023
19%
Nouvelle-Zélande Auckland FC LdC Océanie 2025
13%
Salvador Club Deportivo FAS LdC 1979
13%
Chili Colo Colo Copa Libertadores 1991
13%
Brésil Cruzeiro Copa Libertadores 1997
13%
Equipe Nationale Ethiopie CAN 1962
13%
Equipe Nationale Haïti Gold Cup 1973
13%
Equipe Nationale Honduras Gold Cup 1981
13%
Brésil Internacional Copa Libertadores 2010
13%
Equipe Nationale Israël Coupe d'Asie 1964
13%
Equipe Nationale Koweït Coupe d'Asie 1980
13%
Algérie MC Alger LdC Afrique 1976
13%
Mexique Pumas LdC CONCACAF 1989
13%
Maroc Raja Casablanca LdC Afrique 1999
13%
Belgique RSC Anderlecht Europa League 1983
13%
Equipe Nationale Soudan CAN 1970
13%
Corée du Sud Ulsan Hyundai LdC Asie 2020
13%
Brésil Vasco de Gama Copa Libertadores 2018
13%
Maroc Wydad Casablanca LdC Afrique 2022
13%
Egypte Zamalek SC LdC Afrique 2002
13%
Ecosse Aberdeen FC Coupe des Coupes 1983
6%
Australie Adélaide United LdC Océanie 1987
6%
Emirats Arabes Unis Al-Aïn LdC Asie 2024
6%
Salvador Alianza FC LdC CONCACAF 1967
6%
Brésil Athletico Paranaense Copa Sudamericana 2021
6%
Brésil Atlético Mineiro Copa Libertadores 2013
6%
Mexique Cruz Azul LdC CONCACAF 2025
6%
Géorgie Dinamo Tbilissi Coupe des Coupes 1981
6%
Tunisie ES Sahel LdC Afrique 2007
6%
Japon Gamba Osaka LdC Asie 2008
6%
Guinée Hafia SC LdC Afrique 1977
6%
Ghana Hearts of Oak LdC Afrique 2000
6%
Suède IFK Göteborg Europa League 1987
6%
Argentine Independiente Copa Sudamericana 2007
6%
Corée du Sud Jeonbuk Hyundai LdC Asie 2016
6%
Algérie JS Kabylie LdC Afrique 1990
6%
Israël Maccabi Tel-Aviv LdC Asie 1971
6%
Grèce Olympiakos Conference League 2024
6%
Mexique Pachuca LdC CONCACAF 2024
6%
Uruguay Peñarol Copa Libertadores 1887
6%
Argentine Racing Club Copa Sudamericana 2024
6%
Espagnol Real Saragosse Coupe des Coupes 1995
6%
Colombie Santa Fe Copa Sudamericana 2015
6%
Etats-Unis Seattle Sounders LdC CONCACAF 2022
6%
Slovaquie Slovan Bratislava Coupe des Coupes 1969
6%
Mexique Toluca LdC CONCACAF 2003
6%
RD Congo Tout Puissant Mazembé LdC Afrique 2015
6%
Japon Urawa Red Diamonds LdC Asie 2022
6%
Argentine Vélez Sarsfield Copa Libertadores 1994
6%
Qatar Al Sadd SC LdC Asie 2011
0%
Argentine Argentinos Juniors Copa Libertadores 1985
0%
Ghana Asante Kotoko LdC Afrique 1983
0%
Côte d'Ivoire ASEC Mimosas LdC Afrique 1998
0%
Tunisie AS FAR LdC Afrique 1985
0%
RD Congo AS Vita LdC Afrique 1973
0%
Mexique Atlético Español LdC CONCACAF 1975
0%
Colombie Atlético Nacional Copa Libertadores 2016
0%
Cameroun Canon Yaoundé LdC Afrique 1980
0%
Congo CARA Brazzaville LdC Afrique 1974
0%
Salvador CD Aguila LdC CONCACAF 1976
0%
Honduras CD Olimpia LdC CONCACAF 1988
0%
Mexique CF Atlante LdC CONCACAF 2009
0%
Mexique CF Puebla LdC CONCACAF 1991
0%
Brésil Chapecoense Copa Sudamericana 2016
0%
Pérou Cienciano del Cusco Copa Sudamericana 2003
0%
Tunisie Club Africain LdC Afrique 1991
0%
Mexique Club Leon LdC CONCACAF 2023
0%
Mexique Club Necaxa LdC CONCACAF 1999
0%
Paraguay Club Olimpia Copa Libertadores 2002
0%
Equipe Nationale Congo-Brazzaville CAN 1972
0%
Costa-Rica CS Cartaginés LdC CONCACAF 1994
0%
Guatemala CSD Comunicaciones LdC CONCACAF 1978
0%
Guatemala CSD Municipal LdC CONCACAF 1974
0%
Corée du Sud Daewoo Royals LdC Asie 1986
0%
Etats-Unis DC United LdC CONCACAF 1998
0%
Trinité et Tobago Defence Force LdC CONCACAF 1985
0%
Argentine Defensa y Justicia Copa Sudamericana 2020
0%
Costa-Rica Deportivo Saprissa LdC CONCACAF 2005
0%
Nigeria Enyimba SC LdC Afrique 2004
0%
Algérie ES Sétif LdC Afrique 2014
0%
Iran Esteghlal Téhéran LdC Asie 1991
0%
Argentine Estudiantes La Plata Copa Libertadores 2009
0%
Allemagne FC Magdebourg Coupe des Coupes 1974
0%
Belgique FC Malines Coupe des Coupes 1988
0%
Japon Furukawa Electric LdC Asie 1986
0%
Chine Guangzhou Evergrande LdC 2015
0%
Israël Hapoël Tel-Aviv LdC Asie 1967
0%
Nouvelle-Calédonie Hienghène Sports LdC Océanie 2019
0%
Equateur Independiente del Valle Copa Sudamericana 2022
0%
Angleterre Ipswich Town Europa League 1981
0%
Egypte Ismaily SC LdC Afrique 1969
0%
Japon Jubilo Iwata LdC Asie 1999
0%
Japon Kashima Antlers LdC Asie 2018
0%
Argentine Lanus Copa Sudamericana 2025
0%
Costa-Rica LD Alajuelense LdC CONCACAF 2004
0%
Chine Liaoning FC LdC Asie 1990
0%
Afrique du Sud Mamelodi Sundowns LdC Afrique 2016
0%
Uruguay Nacional Copa Libertadores 1988
0%
Colombie Once Caldas Copa Libertadores 2004
0%
Afrique du Sud Orlando Pirates LdC Afrique 1995
0%
Cameroun Oryx Douala LdC Afrique 1965
0%
Iran PAS Téhéran LdC Asie 1993
0%
Corée du Sud Pohang Steelers LdC Asie 2009
0%
Papouasie PRK Hekari United LdC Océanie 2010
0%
Egypte Pyramids FC LdC Afrique 2025
0%
Haïti Racing Club Haïtien LdC CONCACAF 1963
0%
Argentine San Lorenzo Copa Libertadores 2014
0%
Corée du Sud Seongnam Ilhwa Chunma LdC Asie 2010
0%
Australie South Melbourne LdC Océanie 1999
0%
Côte d'Ivoire Stade d'Abidjan LdC Afrique 1966
0%
Corée du Sud Suwon Bluewings LdC Asie 2002
0%
Suriname SV Transvaal LdC CONCACAF 1881
0%
Equipe Nationale Tahiti Coupe d'Océanie 2012
0%
Nouvelle-Zélande Team Wellington LdC Océanie 2018
0%
Thaïlande Thai Farmers Bank LdC Asie 1995
0%
Cameroun Union Douala LdC Afrique 1979
0%
Chili Universidad de Chile Copa Sudamericana 2011
0%
Haïti Violette AC LdC CONCACAF 1984
0%
Nouvelle-Zélande Waitakere United LdC Océanie 2008
0%
Australie Western Sydney Wanderers LdC Asie 2014
0%
Australie Wollongong Wolves LdC Océanie 2001
0%
Japon Yomiuri FC LdC Asie 1987
0%
Aucun quiz correspondant
Distribution des résultats
% des personnes avec chaque résultat
Percentile par nombre de réponses
Votre historique - résultats
Vous n’avez pas pris ce quiz